000 00404nmm a2200145Ia 4500
008 251105s9999||||xx |||||||||||||||||und||
041 _aspa
100 _aRowdge, D.
245 0 _aDetrás de la apariencia
264 _a[Madrid, España] :
_bLetras de Autor,
_c2015
300 _a130 páginas
650 _aSpanish narrative
856 _uhttps://public.digitaliapublishing.com/a/87612
942 _cCF
999 _c105425
_d105425